| 000 | 00480nam a2200193Ia 4500 | ||
|---|---|---|---|
| 008 | 170918s9999 xx 000 0 und d | ||
| 020 | _a312208863 | ||
| 050 | _bK147co 1998 | ||
| 100 | _aKalman, Judith | ||
| 245 | 4 | _aThe country of birches : | |
| 245 | _bstories / | ||
| 245 | _cstories by Judith Kalman. | ||
| 260 | _aBritish Columbia : | ||
| 260 | _bSt. Martin's Griffin, | ||
| 260 | _c1998 | ||
| 300 | _a183 pages : | ||
| 300 | _billustrations ; | ||
| 300 | _c21cm. | ||
| 999 |
_c343744 _d343744 |
||